A Feast for Crows: First 300 Words Quiz Stats

Quiz not verified by Sporcle

Challenge
Share
Tweet
Embed
Score 0/300 Timer 20:00
0 Plays Today
Hint Answer % Correct
a
98.1%
a
98.1%
a
98.1%
a
98.1%
a
98.1%
a
98.1%
a
98.1%
a
98.1%
a
98.1%
a
98.1%
a
98.1%
a
98.1%
the
96.6%
the
96.6%
the
96.6%
the
96.6%
the
96.6%
the
96.6%
the
96.6%
the
96.6%
the
96.6%
the
96.6%
the
96.6%
the
96.6%
the
96.6%
the
96.6%
the
96.6%
the
96.6%
'The
96.6%
the
96.6%
the
96.6%
'The
96.6%
'I
96.2%
'I
96.2%
I
96.2%
I
96.2%
He
88%
to
88%
He
88%
to
88%
to
88%
to
88%
He
88%
to
88%
to
88%
He
88%
He
88%
to
88%
he
88%
to
88%
an
87.5%
no
86.1%
no
86.1%
said
85.1%
of
81.7%
of
81.7%
her
81.7%
of
81.7%
of
81.7%
oldest
81.7%
of
81.7%
of
81.7%
her
81.7%
of
81.7%
of
81.7%
of
81.7%
of
81.7%
of
81.7%
on
81.3%
and
80.8%
and
80.8%
was
80.8%
And
80.8%
was
80.8%
was
80.8%
and
80.8%
was
80.8%
in
80.8%
was
80.8%
and
80.8%
and
80.8%
and
80.8%
and
80.8%
and
80.8%
in
80.8%
in
80.8%
me,
79.8%
be
79.8%
'Dragons,'
78.8%
Pate
78.8%
Pate
78.8%
dragons,
78.8%
dragon.'
77.9%
she
77.9%
She
77.9%
she
77.9%
dragon.
77.9%
dragon
77.9%
dragon
77.9%
would
76%
Hint Answer % Correct
all
76%
would
76%
would
76%
do
74%
'You
74%
his
73.1%
his
73.1%
his.
73.1%
his
73.1%
see
72.1%
it
70.7%
it
70.7%
for
70.7%
for
70.7%
Oldtown,
69.7%
could
69.2%
one
69.2%
were
69.2%
one
69.2%
him.
69.2%
could
69.2%
had
69.2%
had
69.2%
him.
69.2%
one.
69.2%
were
69.2%
had
69.2%
one
69.2%
maesters
68.3%
Alleras
67.3%
that
67.3%
There
67.3%
there,
67.3%
that
67.3%
that
67.3%
have
67.3%
that
67.3%
should
65.9%
should
65.9%
should
65.9%
like
64.4%
like
64.4%
like
64.4%
too
64.4%
like
64.4%
from
63.9%
from
63.9%
from
63.9%
Rosey's
63%
will
63%
Rosey
63%
Rosey's
63%
Sphinx.
62.5%
them,
62.5%
man
60.1%
take
58.2%
with
56.3%
with
56.3%
with
56.3%
King
56.3%
golden
54.8%
golden
54.8%
boy
53.8%
thought.
53.8%
youngest
52.9%
daughter,
52.9%
at
51.9%
girl
51.4%
if
51%
good
51%
apple
50%
apple,'
50%
arrow
49%
two
48.1%
very
48.1%
their
48.1%
day,
46.6%
arms
46.2%
Mollander.
45.2%
hand
45.2%
hand.
45.2%
much.'
44.7%
far
44.7%
cost
44.7%
last
44.7%
last
44.7%
Westeros.'
44.7%
silver
44.2%
bowstring.
43.3%
maidenhead
42.8%
around
42.3%
hear
41.8%
but
41.8%
way.
41.3%
Cities.
40.9%
than
40.9%
up
40.9%
Sea
39.9%
Free
39.4%
Aegon
38.5%
Hint Answer % Correct
sleep
37.5%
real
37.5%
off
37%
Narrow
34.6%
years
34.1%
stags
33.7%
'Throw
32.7%
across
32.7%
coin
32.7%
nine
31.7%
late
31.7%
pretty
31.3%
Acolyte
30.8%
acolytes
30.8%
better
30.3%
born
29.8%
Emma's
29.3%
sort
29.3%
Emma
29.3%
copper
28.8%
copper,
28.8%
still
27.9%
Quill
27.9%
still
27.9%
stars
27.9%
fifteen
27.4%
told
27.4%
By
26.9%
chance
26.9%
Armen
26.9%
Armen
26.9%
novices
26.9%
heads.
26.9%
Tankard,
26.4%
Roone
26%
Roone.
26%
Third.'
24.5%
quiver
23.1%
make
22.1%
well
21.6%
reign
21.2%
tossed
20.7%
through
20.7%
saved
20.7%
lad,'
20.2%
forty
19.7%
about
19.7%
during
19.7%
serving
19.2%
ground
18.3%
enough
18.3%
most
17.8%
urged
17.3%
voice
17.3%
pennies,
16.3%
wenches
15.9%
laughter
15.4%
flowered.
15.4%
nocked
14.9%
freshly
14.9%
window
14.4%
links
14.4%
place
13.5%
coming
13%
decreed
13%
believe
13%
neck,
12.5%
morrow
12%
shy
11.5%
perished
11.5%
entertaining.
11.1%
fleshy
11.1%
manhood.
10.1%
deeper
9.6%
saving
9.6%
pot
9.1%
stood
9.1%
tin,
9.1%
shoulders
8.7%
hatching
8.2%
wore
7.7%
seemed
7.2%
turnips
6.7%
withered
6.3%
lead,
6.3%
growing
6.3%
shuttered
5.8%
snatched
5.3%
bench.
4.8%
accuse
4.8%
slipped
4.3%
leather
4.3%
pewter,
3.8%
chunky
3.4%
shifted
3.4%
mingled
3.4%
restlessly
2.9%
overhead,
2.9%
strung
2.9%
thong
2.4%

You're not logged in!

Compare scores with friends on all Sporcle quizzes.
Join for Free
OR
Log In

You Might Also Like...

Show Comments

Extras

Top Quizzes Today


Score Distribution

Your Account Isn't Verified!

In order to create a playlist on Sporcle, you need to verify the email address you used during registration. Go to your Sporcle Settings to finish the process.

Report this User

Report this user for behavior that violates our Community Guidelines.

Details: